Vászonra álmodott életképek a gútai Csütörtöki Péter ifjú művész szórakozását és örömét a festészetben találta meg

Bibliographic Details
Main Author: Borka, Roland, 1978- (Author)
Format: Article
Language:Hungarian
PhysicalDescription:Fotogr.
Subjects:

MARC

LEADER 00000nab a2200000 ar4500
001 vtls008954327
003 SK-MaSNL
005 20260319071317.0
008 060627c20060621xo |||||||| 000 b|hun
015 |a SNBRB2006/06  |2 snkbucl 
038 |a SNKBUCL 
040 |a DSZK  |b slo  |c DSZK  |e AACR2 
041 0 |a hun 
044 |a xo  |c SK 
080 |a 75.071.1  |2 1997 
100 1 |a Borka, Roland,  |d 1978-  |4 aut  |9 1032091 
245 1 0 |a Vászonra álmodott életképek  |b a gútai Csütörtöki Péter ifjú művész szórakozását és örömét a festészetben találta meg  |c Borka Roland 
300 |b Fotogr. 
600 1 7 |a Csütörtöki, Péter  |2 snkbucl  |9 1067579 
773 0 |t Új szó  |g Évf. 59, sz. 142 (21.6.2006), o. 18 
852 |a SNK  |b KIS3GCP 
852 |a DSZK  |b KIS3GCP 
958 |a HU 
958 |a SK 
999 |c 1754820  |d 1756750